00815nam a2200217Ii 45000010005000000030009000050080041000140400033000550410008000880820018000961000028001142450061001422640097002033000012003003360026003123370028003383380027003669400050003939990017004439520137004604974CO-ViMGA241108s9999||||xx |||||||||||||| ||und|| aCO-ViMGAbspaerdacCO-ViMGA0 aunk04a658.9153 C1211 aIván Cadavid G94810310aGranja Integral autosuficiente :bAdministración rural 1a[Lugar de publicación no identificado] : Fundación de Hogares Juveniles campesinos, 1992 avolumen atextbtxt2rdacontent aunmediatedbn2rdamedia avolumebnc2rdacarrier aidficha_siabuc: 4846. -- ficha_no_siabuc:4974 c52549d52549 001040708001aMEVIGERRbMEVIGERRcGENd2006-11-27o658.9153 C121pECA3981r2024-11-26 10:09:16tEj.1w2024-11-26yBKz4846 | 6953